Neurologie du postérieur du cheval - Statistiques

Statistiques générales
  • Ce quiz a été pris 6 fois
  • Le résultat moyen est 13 sur 68
Statistiques - réponses
Réponse % Correct
B Nerf fémoral
100%
4 ADD de la cuisse
50%
15 Fessier profond
50%
2 Gracile
50%
4 Gracile
50%
3 Gracile
50%
2 Iliaque
50%
3 Iliaque
50%
A Nerf cutané latéral de la cuisse
50%
C Nerf obturateur
50%
D Nerf saphène
50%
G N sciatique
50%
4 Obturateur externe
50%
16 Obturateur interne
50%
1 Partie adjacente du bord médial
50%
1 Peau du bord crânial de la cuisse
50%
2 Pectiné
50%
4 Pectiné
50%
2 Psoas
50%
2 Quadriceps fémoral
50%
2 Sartorius
50%
4 Sartorius
50%
3 Sartorius
50%
2 Tenseur du fascia lata
50%
E Tronc lombosacral
50%
8 3e péronier
0%
14 Biceps-fémoral
0%
10 Biceps fémoral
0%
15 Carré fémoral
0%
5 Extenseur latéral du doigt
0%
8 Extenseur latéral du doigt
0%
5 Face crâniale de la jambe
0%
17 Face latérale et médiale du bord caudal de la cuisse
0%
3 Face médiale de l’AIPP
0%
3 Face médiale du métatarse
0%
3 Face médiale du tarse
0%
13 Face plantaire du pied
0%
17 Fessier superficiel
0%
9 Genou
0%
18 Glutéo-biceps
0%
15 Jumaux
0%
8 Long extenseur du doigt
0%
11 Muscles profond caudaux de la jambe
0%
H Nerf cutané caudal de la cuisse
0%
M Nerf cutané sural caudal
0%
O Nerf cutané sural latéral
0%
N Nerf fibulaire
0%
I Nerf glutéal caudal
0%
Q Nerf péronier profond
0%
P Nerf péronier superficiel
0%
J Nerf plantaire latéral
0%
K Nerf plantaire médial
0%
R Nerfs digitaux communs dorsaux
0%
S Nerfs métatarsiens dorsaux
0%
L Nerf tibial
0%
18 Partie caudal du fessier superficiel
0%
5 Peau de la face du métatarse
0%
3 Peau de la face médiale de la cuisse et la jambe
0%
5 Peau de la racine du doigt
0%
17 Peau de la région anale
0%
17 Peau du périnée latéral
0%
18 Prolongement du fessier moyen
0%
14 Semi-membraneux
0%
14 Semi-tendineux
0%
18 semi-tendineux
0%
12 Tarse
0%
8 Tibial crânial
0%
11 Triceps sural
0%
Aucun quiz correspondant
Distribution des résultats
% des personnes avec chaque résultat
Percentile par nombre de réponses
Votre historique - résultats
Vous n’avez pas pris ce quiz